000 00277nam a22001337a 4500
008 170130b xxu||||| |||| 00| 0 eng d
020 _a9781119915416
041 _aeng
080 _a61
100 _a3
101 _aSHMI
245 _aHOSPITALITY LAW
_cBARTH
942 _2udc
_cBK
999 _c4013
_d4013